Statistics for Royal Houses of Europe

Click here to take the quiz!

General Stats

  • This quiz has been taken 113 times
  • The average score is 11 of 21

Answer Stats

HintAnswer% Correct
Ruled: England and Commonwealth, Belgium, Portugal, Bulgaria, MexicoHouse of Windsor/Saxe-Coburg and Gotha
84%
Ruled: Spain, France, Two Scillies, Luxembourg, Parma, Portugal, BrazilHouse of Bourbon
78%
Ruled: Austria, Spain, Holy Roman Empire, Bohemia, England, Hungary, Portugal, Mexico, Bulgaria, BrazilHouse of Habsburg
77%
Ruled: Russia, Finland, Poland, Lithuania, Malta, Oldenburg, HolsteinHouse of Romanov
69%
Ruled: Prussia, Germany, Romania, Brandenburg, Teutonic OrderHouse of Hohenzollern
60%
King Carl Gustaf XVIKingdom of Sweden
56%
Queen Margrethe IIKingdom of Denmark
55%
King Harald VKingdom of Norway
55%
King Felipe VIKingdom of Spain
55%
King PhillipeKingdom of Belgium
51%
Sovereign Prince Albert IIPrincipality of Monaco
51%
Grand Duke HenriGrand Duchy of Luxembourg
49%
Co princes Emmanuel Macron and Joan Enric Vives i SiciliaPrincipality of Andorra
49%
Prince Regnant Hans-Adam IIPrincipality of Liechtenstein
47%
Ruled: Netherlands, UK and Scotland, Nassau, Luxembourg, Belgium, FranceHouse of Orange-Nassau
45%
Ruled: Denmark, Greece, Iceland, Norway, UKHouse of Glucksburg
43%
Ruled: Sweden, NorwayHouse of Bernadotte
41%
Queen ElizabethUnited Kingdom of Great Britain and Northern Ireland
41%
Ruled: France, Naples, Sicily, Spain, HollandHouse of Bonaparte
40%
Current European Rulers and their countries are below. Type Monarchies for this questionMonarchies
20%
King Willem-AlexanderKingdom of the Netherlands
16%

Score Distribution

Percentile by Number Answered

Percent of People with Each Score

Your Score History

You have not taken this quiz